| 000 | 00613nam a22001937a 4500 | ||
|---|---|---|---|
| 005 | 20251108171050.0 | ||
| 008 | 250721s2000 xx 000 0 ara d | ||
| 082 | 1 | 4 | _a658.15/إدا |
| 100 | 1 | _aكراجه، عبد الحليم | |
| 245 | 1 | 0 |
_aالإدارة و التحليل المالي : _bأسس , مفاهيم , تطبيقات / |
| 264 | 1 |
_aعمان : _bدار الصفاء، _c2000``````. |
|
| 300 | _a292ص | ||
| 650 | 1 | 7 | _aالإدارة |
| 650 | 1 | 7 | _aالسجلات المالية |
| 700 | 1 | _aربابعة، علي | |
| 700 | 1 | _aالسكران، ياسر | |
| 942 |
_2ddc _cBK |
||
| 999 |
_c55717 _d55717 |
||